000 00258nam a22001217a 4500
008 181029b xxu||||| |||| 00| 0 eng d
041 _aeng
080 _a940
100 _a16
101 _aSHH
245 _aAmerican Horizons
_cSchaller,M
942 _2udc
_cBK
999 _c50973
_d50973